Normal view
MARC view
- Ghous Baksh Sabir
Entry Personal Name
001 - CONTROL NUMBER
- control field: 9510
003 - CONTROL NUMBER IDENTIFIER
- control field: NUST
005 - DATE AND TIME OF LATEST TRANSACTION
- control field: 20180122153622.0
008 - FIXED-LENGTH DATA ELEMENTS
- fixed length control field: 180122|| aca||aabn | a|a d
040 ## - CATALOGING SOURCE
- Original cataloging agency: NUST
- Transcribing agency: NUST
100 ## - HEADING--PERSONAL NAME
- Personal name: Ghous Baksh Sabir
670 ## - SOURCE DATA FOUND
- Source citation: Work cat.: (NUST)321549: Ghous Baksh Sabir, Khali Shah-e-Mureed, 1987
